000
00241nam a2200097Ia 4500
008
170627s9999 xx 000 0 und d
100
_a
FABOZZI - FRANK
245
0
_a
FOUNDATION OF FINANCIAL MARKETS &INSTIUTIONS
260
_b
PEARSON
260
_c
2006
546
_a
ENGLISH
999
_c
35584
_d
35584